00446nam a22001577a 450000500170000001000150001702000260003203500140005803700130007208200110008510000160009624500490011226000330016127000680019430000260026220180504103918.0 aENG-122880 a9788192885544c799.00 aEN-106412 bDBAD/PUB a181.46 aVivekananda aThe complete books of yoga /bby Vivekananda aNew DelhibSolar Booksc2015 a4239A/1 Veer Sadan, Ansari Road, Darya Ganj,bNew Delhie110002v a224p.c21cm(Hb)bill.